| 000 | 00570nam a22001817a 4500 | ||
|---|---|---|---|
| 999 |
_c187417 _d187417 |
||
| 005 | 20220419120644.0 | ||
| 010 | _aENG-132313 | ||
| 020 |
_a9789351952565 _c450.00 |
||
| 035 | _aEN-115845 | ||
| 037 | _bDBAD/PUB | ||
| 082 | _a181.499 | ||
| 100 | _aMccormack, Win | ||
| 245 |
_aThe Rajneesh Chronicles/ _cWin Mccormack |
||
| 260 |
_aGurugram _bHachette Book Publishing India Pvt. Ltd _c2010 |
||
| 270 |
_a4th & 5th Floors, Corporate Centre, Plot No. 94, Sector 44 _bGurugram _e122003 |
||
| 300 |
_a358p. _c21cm(pbk) |
||
| 942 |
_2ddc _cEN _h181.499 _mMCC |
||